|
|
|
|
| LEADER |
00000nam0a2200000 4500 |
| 001 |
295350 |
| 005 |
20231102000811.0 |
| 035 |
|
|
|a (RuTPU)RU\TPU\book\320427
|
| 035 |
|
|
|a RU\TPU\book\53822
|
| 090 |
|
|
|a 295350
|
| 100 |
|
|
|a 20150522d1966 m y0rusy50 ca
|
| 101 |
0 |
|
|a rus
|
| 102 |
|
|
|a RU
|
| 105 |
|
|
|a a j 001zy
|
| 200 |
1 |
|
|a Монтаж и наладка турбоагрегатов и вспомогательного оборудования
|e учебник
|f Б. В. Абалаков, В. П. Банник, Б. И. Резников
|
| 210 |
|
|
|a Москва
|a Ленинград
|c Энергия
|d 1966
|
| 215 |
|
|
|a 320 с.
|c ил.
|
| 320 |
|
|
|a Библиогр.: с. 318.
|
| 606 |
1 |
|
|a Паровые турбины
|x Сборка
|x Монтаж
|x Центровка
|2 stltpush
|3 (RuTPU)RU\TPU\subj\48262
|9 67139
|
| 610 |
1 |
|
|a турбоагрегаты
|
| 610 |
1 |
|
|a вспомогательное оборудование
|
| 610 |
1 |
|
|a монтаж
|
| 610 |
1 |
|
|a наладка
|
| 610 |
1 |
|
|a монтажные работы
|
| 610 |
1 |
|
|a генераторы
|
| 610 |
1 |
|
|a турбины
|
| 610 |
1 |
|
|a турбогенераторы
|
| 610 |
1 |
|
|a насосные агрегаты
|
| 610 |
1 |
|
|a техника безопасности
|
| 610 |
1 |
|
|a учебники
|
| 610 |
1 |
|
|a конденсаторы
|
| 610 |
1 |
|
|a насосы
|
| 675 |
|
|
|a 621.365.002.72(075.32)
|v 3
|
| 700 |
|
1 |
|a Абалаков
|b Б. В.
|g Борис Владимирович
|
| 701 |
|
1 |
|a Банник
|b В. П.
|g Виктор Петрович
|
| 701 |
|
1 |
|a Резников
|b Б. И.
|g Борис Иванович
|
| 801 |
|
1 |
|a RU
|b 63413507
|c 20030430
|g PSBO
|
| 801 |
|
2 |
|a RU
|b 63413507
|c 20230118
|g PSBO
|
| 942 |
|
|
|c BK
|